FC Bayern meiste Tore, Vorlagen und Spielminuten - Statistiken

Allgemein
  • Dieses Quiz wurde 157 mal gespielt
  • Das Durchschnittsergebnis liegt bei 67 aus 106
Antwortstatistiken
Spieler % Korrekt
Harry Kane 3.935' | 41 Tore | 44 Tore
99%
Robert Lewandowski 25 Tore | 4.006' | 4.021' | +6 others
99%
Thomas Müller 16 Vorlagen | 18 Tore | 18 Vorlagen | +5 others
98%
Michael Olise 23 Vorlagen
96%
Joshua Kimmich 19 Vorlagen | 4.052' | 4.282' | 4.783'
94%
Manuel Neuer 4.200' | 4.500' | 4.547' | +4 others
93%
Arjen Robben 17 Vorlagen | 23 Tore
91%
Franck Ribéry 20 Vorlagen | 22 Vorlagen | 23 Vorlagen | 27 Vorlagen
91%
Serge Gnabry 17 Tore
84%
Leroy Sané 13 Vorlagen
80%
Philipp Lahm 4.299' | 4.320' | 4.784'
79%
Jamal Musiala 16 Vorlagen
77%
Mario Gómez 29 Tore | 41 Tore
77%
Oliver Kahn 3.420' | 4.016' | 4.041' | +5 others
72%
Luca Toni 39 Tore
67%
Giovane Élber 13 Vorlagen | 21 Tore | 24 Tore | 31 Tore
56%
Miroslav Klose 20 Tore
52%
Roy Makaay 17 Vorlagen | 18 Tore | 20 Tore | +2 others
44%
Mehmet Scholl 11 Vorlagen | 12 Tore | 13 Tore | 16 Vorlagen
43%
Stefan Effenberg 11 Vorlagen | 16 Vorlagen | 3.441'
43%
Jürgen Klinsmann 17 Tore | 31 Tore
41%
Douglas Costa 18 Vorlagen
39%
Sven Ulreich 4.290'
34%
Carsten Jancker 14 Vorlagen | 21 Tore | 23 Tore
33%
Mario Basler 10 Vorlagen
27%
Zé Roberto 14 Vorlagen | 15 Vorlagen
24%
Lúcio 3.842' | 4.223'
22%
Roland Wohlfarth 17 Tore | 24 Tore
20%
Hasan Salihamidzic 10 Vorlagen | 13 Vorlagen | 9 Vorlage
19%
Paulo Sérgio 22 Tore
19%
Willy Sagnol 11 Vorlagen
18%
Thomas Helmer 3.252' | 4.112'
17%
Raimond Aumann 3.630' | 3.690'
16%
Brian Laudrup 15 Vorlagen
3%
Bruno Labbadia 14 Tore
3%
Christian Nerlinger 3.766'
3%
Valérien Ismaël 4.064'
3%
Marcel Witeczek 12 Vorlagen
2%
Jorginho 10 Vorlagen
1%
Keine übereinstimmenden Quizze gefunden
Verteilung der Resultate
Anzahl Personen mit jedem Resultat
Perzentil nach korrekt beantworteten Fragen
Ihre Resultats-Entwicklung
Sie haben dieses Quiz noch nicht gespielt